000 00923nam a22002297a 4500
999 _c64619
_d64619
005 20240530110741.0
008 180925s2016 ua hk g 001 0 ara d
017 _a2015/13607
_bمصر. دار الكتب
020 _a9789777353076
040 _aEG-CaGPL
_cEG-CaGPL
082 0 4 _221
_a737 /
_bم ط
100 0 _aمحمد عبدالستار عثمان
245 1 0 _aطراز دراهم المحراب والعنزة :
_bرؤية جديدة تنسبه للخلفية عبدالله بن الزبير /
_cتاليف محمد عبدالستار عثمان
250 _aط.1
260 _aالاسكندرية :
_bدار الوفاء لدنيا الطباعة و النشر ،
_c2016.
300 _a193 + 11 ص. :
_bايض ؛
_c24 سم.
650 0 7 _2qrmak
_aالعملات
_xتاريخ
651 _2qrmak
653 0 _aالدراهم - تاريخ
942 _2ddc
_cBK